Čo vplývalo na úroky?

Vývoj úrokov a cien vo vyspelých krajinách sveta v r. 1993-1994. Finančné trhy. Indikátory ekonomiky. Úrokové sadzby a peňažné trhy. Výrobné trendy a tvorba HDP. Vývoj miezd a cien. Indexy cien akcií. Obchod, výmenné kurzy a rezervy. Úrokové sadzby.

Salvato in:
Dettagli Bibliografici
Natura: Capitolo di libro
Lingua:slovacco
Soggetti:
Tags: Aggiungi Tag
Nessun Tag, puoi essere il primo ad aggiungerne!!

MARC

LEADER 00000naa a2200000 4500
001 r018210
005 20221205101758.9
041 0 |a slo 
044 |a SK 
245 1 0 |a Čo vplývalo na úroky? 
520 |a Vývoj úrokov a cien vo vyspelých krajinách sveta v r. 1993-1994. Finančné trhy. Indikátory ekonomiky. Úrokové sadzby a peňažné trhy. Výrobné trendy a tvorba HDP. Vývoj miezd a cien. Indexy cien akcií. Obchod, výmenné kurzy a rezervy. Úrokové sadzby. 
610 2 0 |a hospodárstvo svetové 
610 2 0 |a trh finančný 
610 2 0 |a úrok 
610 2 0 |a produkt domáci hrubý 
610 2 0 |a mzdy 
610 2 0 |a ceny 
610 2 0 |a akcie 
610 2 0 |a obchod medzinárodný 
610 2 0 |a štatistika ekonomická 
610 2 0 |a 1993-1994